Estatuts dels partits polítics catalans : 1931 - 1936 / introducció i edició: Isidre Molas 1931 - 1936 / introducció i edició:
ISBN:
84-7794-649-3
Descripción Física:
160 p. ; 20 cm
Otros Autores:
Molas, Isidre, 1940-
MARC
| LEADER | 00000nam a2200000Ia 4500 | ||
|---|---|---|---|
| 001 | 19896 | ||
| 008 | 160829s1999 xx 000 0 cat d | ||
| 020 | |a 84-7794-649-3 | ||
| 080 | |a M-2-57 | ||
| 245 | |a Estatuts dels partits polítics catalans : |b 1931 - 1936 / introducció i edició: |b Isidre Molas | ||
| 260 | |a Barcelona : |b Institut de Ciències Polítiques i Socials, |c 1999 | ||
| 300 | |a 160 p. ; |c 20 cm | ||
| 650 | |a Partits polítics |x Catalunya |x 1931-1936 |x Estatuts |9 45588 | ||
| 651 | 0 | |a Catalunya |x Història |y 1931-1939, Segona República |9 53541 | |
| 700 | |a Molas, Isidre, |d 1940- |e editor |9 25138 | ||
| 710 | 2 | |a Institut de Ciències Polítiques i Socials (Barcelona, Catalunya) |9 55871 | |
| 901 | |a Arxiu | ||
| 942 | |n 1 |2 udc | ||
| 952 | |0 0 |1 0 |4 0 |6 M257 |7 1 |9 52685 |a Arxiu |b Arxiu |d 2016-12-01 |l 0 |o M-2-57 |p 19896 |r 2016-12-01 00:00:00 |w 2016-12-01 |y ARXIU | ||
| 999 | |c 56534 |d 56534 | ||